Character formation : (Record no. 79664)

MARC details
000 -LEADER
fixed length control field 00721nam a2200241Ii 4500
003 - CONTROL NUMBER IDENTIFIER
control field URS
005 - DATE AND TIME OF LATEST TRANSACTION
control field 20251001091324.0
008 - FIXED-LENGTH DATA ELEMENTS--GENERAL INFORMATION
fixed length control field 230921t2022 |||||||| |||| 00| 0 eng d
020 ## - INTERNATIONAL STANDARD BOOK NUMBER
International Standard Book Number 9786214182114
040 ## - CATALOGING SOURCE
Language of cataloging eng
Transcribing agency URS
Description conventions rda
050 14 - LIBRARY OF CONGRESS CALL NUMBER
Classification number JQ 1406.N37
Item number T154 2022
100 1# - MAIN ENTRY--PERSONAL NAME
Personal name Tancangco, Danilo L.
Relator term author
245 10 - TITLE STATEMENT
Title Character formation :
Remainder of title nationalism 1 patriotism /
Statement of responsibility, etc. Danilo L. Tancangco, Ph.D.
264 #1 - PRODUCTION, PUBLICATION, DISTRIBUTION, MANUFACTURE, AND COPYRIGHT NOTICE
Date of production, publication, distribution, manufacture, or copyright notice 2022.
264 #1 - PRODUCTION, PUBLICATION, DISTRIBUTION, MANUFACTURE, AND COPYRIGHT NOTICE
Place of production, publication, distribution, manufacture [Quezon City] :
Name of producer, publisher, distributor, manufacturer Wiseman's Books Trading, Inc.
Date of production, publication, distribution, manufacture, or copyright notice [2022]
264 #4 - PRODUCTION, PUBLICATION, DISTRIBUTION, MANUFACTURE, AND COPYRIGHT NOTICE
Date of production, publication, distribution, manufacture, or copyright notice copyright 2022
300 ## - PHYSICAL DESCRIPTION
Extent vii, 192 ;
Dimensions 23 cm
336 ## - CONTENT TYPE
Content type term text
Source rdacontent
337 ## - MEDIA TYPE
Media type term unmediated
Source rdamedaia
338 ## - CARRIER TYPE
Carrier type term volume
Source rdacarrier
650 #0 - SUBJECT ADDED ENTRY--TOPICAL TERM
Topical term or geographic name entry element Nationalism
Geographic subdivision Philippines
942 ## - ADDED ENTRY ELEMENTS (KOHA)
Koha item type Filipiniana
Source of classification or shelving scheme Library of Congress Classification
Holdings
Withdrawn status Damaged status Not for loan Home library Current library Date acquired Total Checkouts Barcode Date last seen Price effective from Koha item type Source of classification or shelving scheme Shelving location Full call number
      Angono College Library Angono College Library 05/23/2010   URSANG-7323 04/19/2024 04/19/2024 Reserved Books      
      Pililla College Library Pililla College Library 04/20/2024   URSPIL-7082 04/20/2024 04/20/2024 Reserved Books Dewey Decimal Classification Filipiniana Section 170 T154 2022
      Pililla College Library Pililla College Library 04/20/2024   URSPIL-7081 04/20/2024 04/20/2024 Reserved Books Dewey Decimal Classification Filipiniana Section 170 T154 2022

University of Rizal System
Email us at univlibservices@urs.edu.ph

Visit our Website www.urs.edu.ph/library